000
00331nam a22001457a 4500
008
210225b ||||| |||| 00| 0 eng d
020
_a
0816238715
041
_a
eng
080
_2
4th
_a
338
082
_a
338
100
_a
53
101
_a
MEN
245
_a
Introduction to Operations Research
_c
Hillier, F. S
942
_2
udc
_c
BK
999
_c
55227
_d
55227